Bilecik Bilecik Bilecik Bilecik Bilecik

Bitki biyoteknolojisi ve genetik : (Record no. 40848)

MARC details
000 -BAŞLIK
Sabit Uzunluktaki Kontrol Alanı 01149nam a22003617a 4500
001 - KONTROL NUMARASI
Control Dosyası 0040984
003 - KONTROL NUMARASI KİMLİĞİ
Kontrol Alanı KOHA_MİRAKIL
005 - EN SON İŞLEM TARİHİ ve ZAMANI
Kontrol Alanı 20260207003220.0
007 - FİZİKSEL TANIM SABİT ALAN - GENEL BİLGİ
Sabit uzunluklu kontrol alanı ta
008 - SABİT UZUNLUKTAKİ VERİ ÖGELERİ - GENEL BİLGİ
Sabit Alan 130730b2012 tu a|||gr||||#||||0|tur |
020 ## - ISBN - ULUSLARARASI STANDART KİTAP NUMARASI
Isbn 9786051331829
040 ## - KATALOGLAMA KAYNAĞI
Özgün Kataloglama Kurumu TR-BiSEU
Kataloglama Dili tur
Çeviri Kurumu TR-BiSEU
Açıklama Kuralları rda
041 0# - DİL KODU
Metin ya da ses kaydının dil kodu tur
044 ## - YAYINLAYAN/ÜRETEN KURULUŞUN ÜLKE KODU
ISO country code tu
050 ## - SINIFLAMA ve YER NUMARASI
Sınıflama Numarası QK981.5
Yer Numarası .B58 2012
245 0# - ESER ADI BİLDİRİMİ
Başlık Bitki biyoteknolojisi ve genetik :
Alt Eseradı vb. İlkeler teknikler ve uygulamalar/
Sorumluluk Bildirimi edt. C. Neal Stewart ; çev. edt. Hüseyin Avni Ökten, Meral Yüce.
264 #1 - ÜRERİM, YAYIN, DAĞITIM ve TELİF BİLDİRİMİ
Yayın yeri Ankara :
Yayınlayan Nobel
Yayın tarihi 2012
300 ## - FİZİKSEL TANIMLAMA
Sayfa, Cilt vb. XXVI, 374 sayfa :
Diğer fiziki detaylar resimli ;
Boyutları 25 cm.
336 ## - İÇERİK TÜRÜ
Content type term metin
Content type code txt
Source rdacontent
337 ## - MEDYA TÜRÜ
Media type term aracısız
Media type code n
Source rdamedia
338 ## - TAŞIYICI TÜRÜ
Carrier type term cilt
Carrier type code nc
Source rdacarrier
490 1# - DİZİ BİLDİRİMİ
Dizi Bildirimi Yayn No ;
Cilt Numarası 280.
490 1# - DİZİ BİLDİRİMİ
Dizi Bildirimi Fen Bilimleri No ;
Cilt Numarası 10.
500 ## - GENEL NOT
Genel Not Dizin var.
500 ## - GENEL NOT
Genel Not Kaynakça var.
650 #0 - KONU BAŞLIĞI EK GİRİŞ - KONU TERİMİ
Konusal terim veya coğrafi ad Bitki genetiğiİ Mühendisliği.
9 (RLIN) 2319
650 #0 - KONU BAŞLIĞI EK GİRİŞ - KONU TERİMİ
Konusal terim veya coğrafi ad Bitki biyoteknolojisi.
9 (RLIN) 2320
650 #0 - KONU BAŞLIĞI EK GİRİŞ - KONU TERİMİ
Konusal terim veya coğrafi ad Plant genetic engineering.
9 (RLIN) 2321
650 #0 - KONU BAŞLIĞI EK GİRİŞ - KONU TERİMİ
Konusal terim veya coğrafi ad Plant biotechnology.
9 (RLIN) 2322
830 1# - SERİ EK GİRİŞİ - TEKBİÇİM ESER ADI
Tekbiçim Başlık Yayn No ;
Volume number/sequential designation 280.
9 (RLIN) 76009
830 1# - SERİ EK GİRİŞİ - TEKBİÇİM ESER ADI
Tekbiçim Başlık Fen Bilimleri No ;
Volume number/sequential designation 10.
9 (RLIN) 76010
942 ## - EK GİRİŞ ÖGELERİ (KOHA)
Source of classification or shelving scheme Library of Congress Classification
Koha item type Book
Holdings
Materyal Türü Kalıcı Konum Mevcut Konum Raf Yeri Sınıflandırma Kaynağı Edinim Bilgisi Ana Konular Alt Konular Yer Numarası Demirbaş Numarası Fatura Tarihi Maliyet, Alış Fiyatı Maliyet, Yenileme Fiyatı Geri Çekilme Durumu Kayıp Durumu Hasarlı Durumu Kredi için değil Kayıt Tarih Toplam Ödünçverme Son Görülme Tarihi Son Kontrol Tarihi Satın Alma Notu
Book Prof. Dr. Azmi Özcan Kütüphanesi Prof. Dr. Azmi Özcan Kütüphanesi Birûni Salonu Library of Congress Classification Satın BİLİM Botanik QK981.5 .B58 2012 0040984 24/09/2013 18.63 18.63         30/07/2013 4 05/12/2024 05/12/2024 73291-73383 (92 sayfa)